| 000 | 00717nam a2200193 i 4500 | ||
|---|---|---|---|
| 001 | 170765 | ||
| 003 | ES-MaACL | ||
| 005 | 20250808062741.0 | ||
| 008 | 090403s1952 sp |||| | spa d | ||
| 100 | 1 |
_aGonzález-Arintero, Juan. _9139729 |
|
| 245 | 1 | 0 |
_aLa evolución mística _b: en el desenvolvimiento y vitalidad de la Iglesia / _cpor Juan G. Arintero ; introducción de Sabino M. Lozano. |
| 260 |
_aMadrid : _bLa Editorial Católica, _c1952. |
||
| 300 |
_aLXIV, 804 p. ; _c20 cm. |
||
| 490 | 1 |
_aBiblioteca de autores cristianos ; _v91 |
|
| 700 | 0 |
_aMartínez Lozano, Sabino. _978195 |
|
| 830 | 0 | 0 |
_aBiblioteca de autores cristianos _v91 _9178679 |
| 852 |
_aES-MaACL _jJ-89 _9R.46092 |
||
| 999 |
_c170765 _d170765 |
||